It looks like you're offline.
Open Library logo
additional options menu

MARC Record from Library of Congress

Record ID marc_loc_updates/v38.i08.records.utf8:40150737:935
Source Library of Congress
Download Link /show-records/marc_loc_updates/v38.i08.records.utf8:40150737:935?format=raw

LEADER: 00935nam a22003014a 4500
001 2010291099
003 DLC
005 20100217150136.0
008 100216s2009 enka 000 0 eng
010 $a 2010291099
015 $aGBA961553$2bnb
016 7 $a015296479$2Uk
020 $a9780199135318 (pbk.)
020 $a0199135312 (pbk.)
035 $a(OCoLC)ocn416248428
040 $aUKM$cUKM$dBWX$dDGU$dDLC
042 $alccopycat
050 00 $aHF1118$b.G88 2009
082 04 $a658$222
100 1 $aGutteridge, Lloyd.
245 10 $aBusiness and management for the IB diploma :$bstandard and higher level /$cLloyd Gutteridge.
260 $aOxford ;$aNew York :$bOxford University Press,$c2009.
300 $av, 160 p. :$bill. ;$c30 cm.
490 1 $aIB study guides
500 $aIncludes index.
650 0 $aBusiness$xExaminations$vStudy guides.
650 0 $aManagement$xExaminations$vStudy guides.
830 0 $aIB study guides.